Applied heat transfer /

Guardado en:
Autor Principal: Ganapathy, V.
Formato: Libro
Idioma:English
Publicado: Tulsa, Okla. : PennWell Pub. Co., c1982.
Materias:
Etiquetas: Agregar Etiqueta
Sin Etiquetas, Sea el primero en etiquetar este registro!
LEADER 00642pam a22002055a 4500
001 EIQ.libpla001262
008 811008s1982####okua#####b####001#0#eng#d
005 20080528182651.0
245 1 0 |a Applied heat transfer /  |c V. Ganapathy. 
260 |a Tulsa, Okla. :  |b PennWell Pub. Co.,  |c c1982. 
300 |a xi, 667 p. :  |b il. ;  |c 24 cm. 
504 |a Incluye referencias bibliográficas e índice. 
020 |a 0878141820 
100 1 |a Ganapathy, V. 
082 0 0 |a 621.402/2  |2 19 
650 4 |a Calor  |x Transferencia. 
650 0 |a Heat  |x Transfer. 
010 |a  81017830  
040 |a DLC  |c DLC  |d AR-BbSID 
859 |a AR-BbSID  |b BIB. PLAPIQUI  |h 621.402 2  |i G 15  |p 2552